000 00200nam a2200097Ia 4500
100 _aDaniels R
250 _a2007 11th Ed.
942 _cBK
245 _aInternational Business
082 _a395.52094DAN
999 _c424554
_d424554